<?xml version="1.0" encoding="UTF-8"?><marc:collection xmlns:marc="http://www.loc.gov/MARC21/slim">
  <marc:record>
    <marc:leader>01790cam a2200433 c 4500</marc:leader>
    <marc:controlfield tag="001">010230262</marc:controlfield>
    <marc:controlfield tag="003">DE-627</marc:controlfield>
    <marc:controlfield tag="005">20241029183937.0</marc:controlfield>
    <marc:controlfield tag="007">tu</marc:controlfield>
    <marc:controlfield tag="008">890302s1986    xx |||||      00| ||ger c</marc:controlfield>
    <marc:datafield tag="020" ind1=" " ind2=" ">
      <marc:subfield code="a">3492151043</marc:subfield>
      <marc:subfield code="9">3-492-15104-3</marc:subfield>
    </marc:datafield>
    <marc:datafield tag="035" ind1=" " ind2=" ">
      <marc:subfield code="a">(DE-627)010230262</marc:subfield>
    </marc:datafield>
    <marc:datafield tag="035" ind1=" " ind2=" ">
      <marc:subfield code="a">(DE-576)01728659X</marc:subfield>
    </marc:datafield>
    <marc:datafield tag="035" ind1=" " ind2=" ">
      <marc:subfield code="a">(DE-599)GBV010230262</marc:subfield>
    </marc:datafield>
    <marc:datafield tag="035" ind1=" " ind2=" ">
      <marc:subfield code="a">(OCoLC)74846262</marc:subfield>
    </marc:datafield>
    <marc:datafield tag="035" ind1=" " ind2=" ">
      <marc:subfield code="a">(OCoLC)74846262</marc:subfield>
    </marc:datafield>
    <marc:datafield tag="035" ind1=" " ind2=" ">
      <marc:subfield code="a">(DE-604)8053155335</marc:subfield>
    </marc:datafield>
    <marc:datafield tag="040" ind1=" " ind2=" ">
      <marc:subfield code="a">DE-627</marc:subfield>
      <marc:subfield code="b">ger</marc:subfield>
      <marc:subfield code="c">DE-627</marc:subfield>
      <marc:subfield code="e">rakwb</marc:subfield>
    </marc:datafield>
    <marc:datafield tag="041" ind1=" " ind2=" ">
      <marc:subfield code="a">ger</marc:subfield>
    </marc:datafield>
    <marc:datafield tag="084" ind1=" " ind2=" ">
      <marc:subfield code="a">MH 48000</marc:subfield>
      <marc:subfield code="2">rvk</marc:subfield>
      <marc:subfield code="0">(DE-625)rvk/122901:12034</marc:subfield>
    </marc:datafield>
    <marc:datafield tag="100" ind1="1" ind2=" ">
      <marc:subfield code="8">1\p</marc:subfield>
      <marc:subfield code="a">Dambmann, Gerhard</marc:subfield>
      <marc:subfield code="d">1927-2024</marc:subfield>
      <marc:subfield code="0">(DE-588)116019824</marc:subfield>
      <marc:subfield code="0">(DE-627)691690618</marc:subfield>
      <marc:subfield code="0">(DE-576)290148731</marc:subfield>
      <marc:subfield code="4">aut</marc:subfield>
    </marc:datafield>
    <marc:datafield tag="245" ind1="1" ind2="6">
      <marc:subfield code="a">25mal [Fünfundzwanzigmal] Japan</marc:subfield>
      <marc:subfield code="b">Weltmacht als Einzelgänger</marc:subfield>
      <marc:subfield code="c">Gerhard Dambmann</marc:subfield>
    </marc:datafield>
    <marc:datafield tag="250" ind1=" " ind2=" ">
      <marc:subfield code="a">Neuausg., 4., überarb. Aufl., 21. - 24. Taus.</marc:subfield>
    </marc:datafield>
    <marc:datafield tag="264" ind1=" " ind2="1">
      <marc:subfield code="a">München [u.a.]</marc:subfield>
      <marc:subfield code="b">Piper</marc:subfield>
      <marc:subfield code="c">1986</marc:subfield>
    </marc:datafield>
    <marc:datafield tag="300" ind1=" " ind2=" ">
      <marc:subfield code="a">335 S.</marc:subfield>
      <marc:subfield code="b">Ill.</marc:subfield>
    </marc:datafield>
    <marc:datafield tag="336" ind1=" " ind2=" ">
      <marc:subfield code="a">Text</marc:subfield>
      <marc:subfield code="b">txt</marc:subfield>
      <marc:subfield code="2">rdacontent</marc:subfield>
    </marc:datafield>
    <marc:datafield tag="337" ind1=" " ind2=" ">
      <marc:subfield code="a">ohne Hilfsmittel zu benutzen</marc:subfield>
      <marc:subfield code="b">n</marc:subfield>
      <marc:subfield code="2">rdamedia</marc:subfield>
    </marc:datafield>
    <marc:datafield tag="338" ind1=" " ind2=" ">
      <marc:subfield code="a">Band</marc:subfield>
      <marc:subfield code="b">nc</marc:subfield>
      <marc:subfield code="2">rdacarrier</marc:subfield>
    </marc:datafield>
    <marc:datafield tag="490" ind1="0" ind2=" ">
      <marc:subfield code="a">Serie Piper</marc:subfield>
      <marc:subfield code="v">5104</marc:subfield>
      <marc:subfield code="a">Panoramen der Welt</marc:subfield>
    </marc:datafield>
    <marc:datafield tag="583" ind1="1" ind2=" ">
      <marc:subfield code="a">Archivierung prüfen</marc:subfield>
      <marc:subfield code="c">20200919</marc:subfield>
      <marc:subfield code="f">DE-640</marc:subfield>
      <marc:subfield code="z">1</marc:subfield>
      <marc:subfield code="2">pdager</marc:subfield>
    </marc:datafield>
    <marc:datafield tag="689" ind1="0" ind2="0">
      <marc:subfield code="D">g</marc:subfield>
      <marc:subfield code="0">(DE-588)4028495-5</marc:subfield>
      <marc:subfield code="0">(DE-627)104585102</marc:subfield>
      <marc:subfield code="0">(DE-576)208977503</marc:subfield>
      <marc:subfield code="a">Japan</marc:subfield>
      <marc:subfield code="2">gnd</marc:subfield>
    </marc:datafield>
    <marc:datafield tag="689" ind1="0" ind2="1">
      <marc:subfield code="D">s</marc:subfield>
      <marc:subfield code="0">(DE-588)4073972-7</marc:subfield>
      <marc:subfield code="0">(DE-627)104393955</marc:subfield>
      <marc:subfield code="0">(DE-576)209191996</marc:subfield>
      <marc:subfield code="a">Landeskunde</marc:subfield>
      <marc:subfield code="2">gnd</marc:subfield>
    </marc:datafield>
    <marc:datafield tag="689" ind1="0" ind2=" ">
      <marc:subfield code="5">(DE-627)</marc:subfield>
    </marc:datafield>
    <marc:datafield tag="883" ind1=" " ind2=" ">
      <marc:subfield code="8">1\p</marc:subfield>
      <marc:subfield code="a">cgwrk</marc:subfield>
      <marc:subfield code="d">20241001</marc:subfield>
      <marc:subfield code="q">DE-101</marc:subfield>
      <marc:subfield code="u">https://d-nb.info/provenance/plan#cgwrk</marc:subfield>
    </marc:datafield>
    <marc:datafield tag="924" ind1="0" ind2=" ">
      <marc:subfield code="a">15984326X</marc:subfield>
      <marc:subfield code="b">DE-56</marc:subfield>
      <marc:subfield code="9">56</marc:subfield>
      <marc:subfield code="c">GBV</marc:subfield>
      <marc:subfield code="d">d</marc:subfield>
    </marc:datafield>
    <marc:datafield tag="924" ind1="0" ind2=" ">
      <marc:subfield code="a">3317010657</marc:subfield>
      <marc:subfield code="b">DE-31</marc:subfield>
      <marc:subfield code="9">31</marc:subfield>
      <marc:subfield code="c">BSZ</marc:subfield>
      <marc:subfield code="d">c</marc:subfield>
    </marc:datafield>
    <marc:datafield tag="935" ind1=" " ind2=" ">
      <marc:subfield code="i">Blocktest</marc:subfield>
    </marc:datafield>
    <marc:datafield tag="936" ind1="r" ind2="v">
      <marc:subfield code="a">MH 48000</marc:subfield>
      <marc:subfield code="b">Allgemeines</marc:subfield>
      <marc:subfield code="k">Politologie</marc:subfield>
      <marc:subfield code="k">Politische Systeme einzelner Länder</marc:subfield>
      <marc:subfield code="k">Asien, Naher Osten</marc:subfield>
      <marc:subfield code="k">Ostasien</marc:subfield>
      <marc:subfield code="k">Japan</marc:subfield>
      <marc:subfield code="k">Politisches System (insgesamt)</marc:subfield>
      <marc:subfield code="k">Allgemeines</marc:subfield>
      <marc:subfield code="0">(DE-627)1271025825</marc:subfield>
      <marc:subfield code="0">(DE-625)rvk/122901:12034</marc:subfield>
      <marc:subfield code="0">(DE-576)201025825</marc:subfield>
    </marc:datafield>
    <marc:datafield tag="951" ind1=" " ind2=" ">
      <marc:subfield code="a">BO</marc:subfield>
    </marc:datafield>
  </marc:record>
</marc:collection>
